000 00777nam a2200217 a 4500
005 20180312112706.0
008 170816s2012 ck a gr 000 0dspa d
015 _ack-2012-xxxx
020 _a9789588562698
040 _aCO-BoUCM
_cSandra Palacio
_dSandra Palacio
041 0 _aspa
100 1 _aVilla Largacha, María
_986857
245 1 0 _aParaguas
_crelato e ilustraciones María Villa Largacha
260 _aBogotá (Colombia)
_bTragaluz Editores
_c2012
300 _a32 páginas
_bilustraciones
650 1 7 _aLibros ilustrados para niños
_918516
650 2 7 _aCuentos infantiles colombianos
_912285
650 2 7 _aParaguas
_xLibros ilustrados para niños
_986858
942 _2DEWEY
_cLIBRORESER
_a18
_e1
_h808.8983
_mV712pa
_n0
999 _c307024
_d307024